Normal view
MARC view
- Chemistry, Technical.
Entry Topical Term
001 - CONTROL NUMBER
- control field: 7342
003 - CONTROL NUMBER IDENTIFIER
- control field: NUST
005 - DATE AND TIME OF LATEST TRANSACTION
- control field: 20171215111806.0
008 - FIXED-LENGTH DATA ELEMENTS
- fixed length control field: 171215|| aca||aabn | a|a d
040 ## - CATALOGING SOURCE
- Original cataloging agency: NUST
- Transcribing agency: NUST
150 ## - HEADING--TOPICAL TERM
- Topical term or geographic name entry element: Chemistry, Technical.
670 ## - SOURCE DATA FOUND
- Source citation: Work cat.: (NUST)0: Hocking, Martin. B. (Martin Blake), 1938- 7341, Handbook of chemical technology and pollution control /, c1998.
